<?xml version="1.0" encoding="UTF-8"?>
<record
    xmlns:xsi="http://www.w3.org/2001/XMLSchema-instance"
    xsi:schemaLocation="http://www.loc.gov/MARC21/slim http://www.loc.gov/standards/marcxml/schema/MARC21slim.xsd"
    xmlns="http://www.loc.gov/MARC21/slim">

  <leader>00689nam a22001217a 4500</leader>
  <datafield tag="040" ind1=" " ind2=" ">
    <subfield code="c">RUA</subfield>
  </datafield>
  <datafield tag="082" ind1=" " ind2=" ">
    <subfield code="a">VEM SAM 2023 B1-530 Or.</subfield>
  </datafield>
  <datafield tag="100" ind1=" " ind2=" ">
    <subfield code="a">SAM ANGI,&#x179F;&#x17CA;&#x17B9;&#x1798; &#x17A2;&#x17C1;&#x1793;&#x1787;&#x17B8;</subfield>
  </datafield>
  <datafield tag="245" ind1=" " ind2=" ">
    <subfield code="a">THE ANTIBODY TITER OF NEWCASTLE DISEASE OF CHICKENS AT THE VETERINARY EXPERIMENTAL STATION OF THE ROYAL UNIVERSITY OF AGRICULTURE,&#x1780;&#x1798;&#x17D2;&#x179A;&#x17B7;&#x178F;&#x17A2;&#x1784;&#x17CB;&#x1791;&#x17B8;&#x1780;&#x179A;&#x1793;&#x17C3;&#x1787;&#x17C6;&#x1784;&#x17BA;&#x1789;&#x17BC;&#x179C;&#x1780;&#x17B6;&#x179F;&#x179B;&#x17BE;&#x1798;&#x17B6;&#x1793;&#x17CB;&#x1793;&#x17C5;&#x179F;&#x17D2;&#x1790;&#x17B6;&#x1793;&#x17B8;&#x1799;&#x1796;&#x17B7;&#x179F;&#x17C4;&#x1792;&#x1793;&#x17CD;&#x179C;&#x17C1;&#x1787;&#x17D2;&#x1787;&#x179F;&#x17B6;&#x179F;&#x17D2;&#x179A;&#x17D2;&#x178F;&#x179F;&#x178F;&#x17D2;&#x179C;&#x1793;&#x17C3;&#x179F;&#x17B6;&#x1780;&#x179B;&#x179C;&#x17B7;&#x1791;&#x17D2;&#x1799;&#x17B6;&#x179B;&#x17D0;&#x1799;&#x1797;&#x17BC;&#x1798;&#x17B7;&#x1793;&#x17D2;&#x1791;&#x1780;&#x179F;&#x17B7;&#x1780;&#x1798;&#x17D2;&#x1798;</subfield>
  </datafield>
  <datafield tag="260" ind1=" " ind2=" ">
    <subfield code="a">phnom penh</subfield>
    <subfield code="b">rua</subfield>
    <subfield code="c">2023</subfield>
  </datafield>
  <datafield tag="300" ind1=" " ind2=" ">
    <subfield code="a">viii.34p.</subfield>
    <subfield code="b">ill.</subfield>
    <subfield code="c">29cm.</subfield>
  </datafield>
  <datafield tag="942" ind1=" " ind2=" ">
    <subfield code="c">VEM</subfield>
  </datafield>
  <datafield tag="999" ind1=" " ind2=" ">
    <subfield code="c">23036</subfield>
    <subfield code="d">23036</subfield>
  </datafield>
  <datafield tag="952" ind1=" " ind2=" ">
    <subfield code="0">0</subfield>
    <subfield code="1">0</subfield>
    <subfield code="4">0</subfield>
    <subfield code="6">VEM_SAM_2023_000000000000000_B1530_OR</subfield>
    <subfield code="7">0</subfield>
    <subfield code="9">98848</subfield>
    <subfield code="a">LBB</subfield>
    <subfield code="b">LBB</subfield>
    <subfield code="c">B1.530</subfield>
    <subfield code="d">2024-06-04</subfield>
    <subfield code="o">VEM SAM 2023 B1-530 Or.</subfield>
    <subfield code="p">a077223</subfield>
    <subfield code="r">2024-06-04</subfield>
    <subfield code="y">VEM</subfield>
  </datafield>
  <datafield tag="952" ind1=" " ind2=" ">
    <subfield code="0">0</subfield>
    <subfield code="1">0</subfield>
    <subfield code="4">0</subfield>
    <subfield code="6">VEM_SAM_2023_000000000000000_B1530_OR</subfield>
    <subfield code="7">0</subfield>
    <subfield code="9">98849</subfield>
    <subfield code="a">LBB</subfield>
    <subfield code="b">LBB</subfield>
    <subfield code="c">B1.530</subfield>
    <subfield code="d">2024-06-04</subfield>
    <subfield code="o">VEM SAM 2023 B1-530 Or.</subfield>
    <subfield code="p">a077219</subfield>
    <subfield code="r">2024-06-04</subfield>
    <subfield code="y">VEM</subfield>
  </datafield>
  <datafield tag="952" ind1=" " ind2=" ">
    <subfield code="0">0</subfield>
    <subfield code="1">0</subfield>
    <subfield code="4">0</subfield>
    <subfield code="6">VEM_SAM_2023_000000000000000_B1530_OR</subfield>
    <subfield code="7">0</subfield>
    <subfield code="9">98850</subfield>
    <subfield code="a">LBB</subfield>
    <subfield code="b">LBB</subfield>
    <subfield code="c">B1.530</subfield>
    <subfield code="d">2024-06-04</subfield>
    <subfield code="o">VEM SAM 2023 B1-530 Or.</subfield>
    <subfield code="p">a077271</subfield>
    <subfield code="r">2024-06-04</subfield>
    <subfield code="y">VEM</subfield>
  </datafield>
  <datafield tag="952" ind1=" " ind2=" ">
    <subfield code="0">0</subfield>
    <subfield code="1">0</subfield>
    <subfield code="4">0</subfield>
    <subfield code="6">VEM_SAM_2023_000000000000000_B1530_OR</subfield>
    <subfield code="7">0</subfield>
    <subfield code="9">98851</subfield>
    <subfield code="a">LBB</subfield>
    <subfield code="b">LBB</subfield>
    <subfield code="c">B1.530</subfield>
    <subfield code="d">2024-06-04</subfield>
    <subfield code="o">VEM SAM 2023 B1-530 Or.</subfield>
    <subfield code="p">a077243</subfield>
    <subfield code="r">2024-06-04</subfield>
    <subfield code="y">VEM</subfield>
  </datafield>
</record>
